01416nam a2200349Ia 4500001001200000003000800012006001900020007001500039008004100054010001700095020002500112020002200137040002100159035002100180050002700201245010300228260015700331300001900488490002500507504004100532533015200573546002400725650002500749650004600774655002900820700001700849710001400866710001700880830002600897856012600923999001701049ebr10344556CaPaEBRm u cr cn|||||||||090928s2009 sg a sb 000 0 eng d z 2009324281 z9782869782518 (pbk.) z2869782519 (pbk.) aCaPaEBRcCaPaEBR a(OCoLC)64684932614aHD6250.A47bC45 2009eb00aChildren and youth in the labour process in Africah[electronic resource] /cedited by Osita Agbu. aDakar :bCouncil for the Developement of Social Science Research in Africa ;aOxford, U.K. :bDistributed elsewhere by African Books Collective,cc2009. a227 p. :bill.1 aCodesria book series aIncludes bibliographical references. aElectronic reproduction.bPalo Alto, Calif. :cebrary,d2011.nAvailable via World Wide Web.nAccess may be limited to ebrary affiliated libraries. aEnglish and French. 0aChild laborzAfrica. 0aChild laborxLaw and legislationzAfrica. 7aElectronic books.2local1 aAgbu, Osita.2 aCodesria.2 aebrary, Inc. 0aCodesria book series.40uhttp://site.ebrary.com/lib/rucke/Doc?id=10344556zAn electronic book accessible through the World Wide Web; click to view c48706d48706